Страны, которые были социалистическими - внезапная смерть - Statistics

General Stats
  • This quiz has been taken 138 times
  • The average score is 22 of 32
Answers on the Grid
Answers color-coded by a green-red scale on the quiz's grid according to % correct below.
Азербайджан
Албания
Армения
Беларусь
Босния и Герцеговина
Бразилия
Великобритания
Венгрия
Гаити
Греция
Грузия
Дания
Израиль
Индия
Ирак
Иран
Ирландия
Италия
Казахстан
Камбоджа
Канада
Кирибати
Китай
КНДР
Куба
Кыргызстан/Киргизия
Латвия
Литва
Люксембург
Маврикий
Мали
Монголия
Новая Зеландия
Норвегия
Палау
Перу
Польша
Российская Федерация
Румыния
Сан-Томе и Принсипи
Саудовская Аравия
Северная Македония
Сербия
Сирия
Словакия
Словения
Словения
Суринам
США
Таджикистан
Туркменистан
Узбекистан
Украина
Хорватия
Черногория
Чехия
Швейцария
Швеция
Эстония
Эфиопия
 
Answer Stats
Answer % Correct
Беларусь
97%
Азербайджан
93%
Армения
93%
Босния и Герцеговина
82%
Венгрия
81%
Грузия
81%
Албания
74%
Казахстан
72%
Китай
72%
Украина
72%
КНДР
71%
Кыргызстан/Киргизия
71%
Литва
71%
Российская Федерация
71%
Латвия
69%
Эстония
69%
Куба
68%
Польша
68%
Сербия
66%
Румыния
65%
Таджикистан
65%
Туркменистан
65%
Узбекистан
65%
Словакия
63%
Словения
63%
Чехия
63%
Словения
62%
Хорватия
62%
Черногория
59%
Северная Македония
54%
Монголия
53%
Камбоджа
46%
No matching quizzes found
Score Distribution
Percent of People with Each Score
Percentile by Number Answered
Your Score History
You have not taken this quiz